| 000 | 00394nam a22001697a 4500 | ||
|---|---|---|---|
| 008 | 210423b ||||| |||| 00| 0 eng d | ||
| 082 |
_a294.5921 _bSHS |
||
| 100 | _aSharma Anantram | ||
| 245 |
_aSushrut Sanhita _b: Part-II |
||
| 260 |
_aVaranasi _bChaukhamba _c2021 |
||
| 300 | _a550p. | ||
| 440 | _vVol-II | ||
| 650 | _aYOGA | ||
| 700 | _aSharma Priyevrit | ||
| 942 | _cBK | ||
| 999 |
_c41499 _d41499 |
||
| 041 | _ahin | ||